[Event "Wch Disabilities 5th"]
[Site "Lublin"]
[Date "2023.08.25"]
[Round "7"]
[White "Leszner, Liliana"]
[Black "Szewczyk, Malwina"]
[Result "0-1"]
[WhiteElo "1936"]
[BlackElo "1476"]
[PlyCount "77"]
[EventDate "2023.08.19"]
[EventType "swiss"]
[EventRounds "9"]
[EventCountry "POL"]
[SourceTitle "CBM 215 Extra"]
[Source "ChessBase"]
[SourceDate "2023.09.30"]
[SourceVersion "1"]
[SourceVersionDate "2023.09.30"]
[SourceQuality "1"]

1. b3 c5 2. Bb2 Nc6 3. e3 e6 4. Nf3 d5 5. Bb5 Nge7 6. Ne5 a6 7. Qh5 g6 8. Qf3 f5 9. Nxc6 bxc6 10. Bxc6+ Nxc6 11. Bxh8 e5 12. c4 Nb4 13. 0-0 e4 14. Qh3 h5 15. Qg3 Kf7 16. Nc3 Bd6 17. f4 Qxh8 18. a3 d4 19. exd4 h4 20. Qh3 Qxd4+ 21. Kh1 Nd3 22. Qxh4 Bb7 23. Qh7+ Qg7 24. Qxg7+ Kxg7 25. g3 e3+ 26. Kg1 Re8 27. dxe3 Rxe3 28. Nd5 Bxd5 29. cxd5 c4 30. bxc4 Re2 31. Rf3 Bc5+ 32. Kf1 Rxh2 33. Rd1 Nb2 34. Re1 Nxc4 35. Rd3 Rf2+ 36. Kg1 Rd2+ 37. Kh1 Rxd3 38. Rc1 Rd4 39. Rb1 0-1

[Event "EU-ch Seniors 50 21st"]
[Site "Lublin"]
[Date "2022.07.11"]
[Round "7"]
[White "Leszner, Liliana"]
[Black "Puroila, Sippo"]
[Result "1-0"]
[WhiteElo "1872"]
[BlackElo "1803"]
[PlyCount "105"]
[EventDate "2022.07.05"]
[EventType "swiss"]
[EventRounds "9"]
[EventCountry "POL"]
[SourceTitle "CBM 209 Extra"]
[Source "ChessBase"]
[SourceDate "2022.09.30"]
[SourceVersion "1"]
[SourceVersionDate "2022.09.30"]
[SourceQuality "1"]

1. e4 e5 2. Nf3 Nf6 3. Nc3 Nc6 4. Bc4 h6 5. 0-0 d6 6. h3 Be7 7. d4 exd4 8. Nxd4 Ne5 9. Bb3 c5 10. Nf5 Bxf5 11. exf5 0-0 12. f4 Nc6 13. Nd5 Nd4 14. Nxf6+ Bxf6 15. Bd5 Nxf5 16. c3 Rb8 17. g4 Ne7 18. g5 Nxd5 19. Qxd5 hxg5 20. fxg5 Be5 21. Bf4 g6 22. Rae1 b6 23. h4 Qd7 24. Bxe5 Qg4+ 25. Qg2 Qxg2+ 26. Kxg2 dxe5 27. Rxe5 Rb7 28. Rd1 Kg7 29. Rd6 Rc8 30. Kf3 Rh8 31. Re4 Rc7 32. Ke3 Rb8 33. b3 Rbb7 34. Kd3 Rd7 35. Rxd7 Rxd7+ 36. Kc4 f5 37. gxf6+ Kxf6 38. Rf4+ Ke5 39. Rg4 Kf5 40. Rg5+ Kf6 41. Kb5 Rh7 42. Rg4 Kf5 43. Rc4 Kf6 44. a4 Rb7 45. Kc6 Re7 46. a5 Ke5 47. axb6 Re6+ 48. Kxc5 Rxb6 49. b4 Rb8 50. b5 Rc8+ 51. Kb4 Rxc4+ 52. Kxc4 Kf4 53. Kd5 1-0

[Event "Lodz Jan Krzysztof Duda Cup"]
[Site "Lodz"]
[Date "2021.11.13"]
[Round "2"]
[White "Leszner, Liliana"]
[Black "Mis, Mieszko"]
[Result "0-1"]
[WhiteElo "1873"]
[BlackElo "2373"]
[PlyCount "68"]
[EventDate "2021.11.13"]
[EventType "swiss (rapid)"]
[EventRounds "9"]
[EventCountry "POL"]
[SourceTitle "CBM 205 Extra"]
[Source "ChessBase"]
[SourceDate "2022.01.31"]
[SourceVersion "1"]
[SourceVersionDate "2022.01.31"]
[SourceQuality "1"]

1. e4 c5 2. Nf3 e6 3. d4 cxd4 4. Nxd4 Nc6 5. Be3 Qc7 6. Be2 a6 7. 0-0 Nf6 8. f3 d5 9. exd5 Nxd5 10. Bf2 Bd6 11. g3 Nxd4 12. Bxd4 Bxg3 13. hxg3 Qxg3+ 14. Kh1 e5 15. Bg1 Qh3+ 16. Bh2 Ne3 17. Rf2 Nxd1 18. Bxd1 Be6 19. Nc3 Rd8 20. Be2 0-0 21. Rg1 Bf5 22. Rg5 Bg6 23. Bf1 Qh4 24. Rgg2 b5 25. Kg1 b4 26. Rg4 Qe7 27. Ne4 f5 28. Bc4+ Kh8 29. Rxg6 hxg6 30. Bxe5 Rd1+ 31. Bf1 Qxe5 32. Ng5 Qg3+ 33. Rg2 Qh4 34. Ne6 Re8 0-1

[Event "POL-chT 2nd League"]
[Site "Sypniewo"]
[Date "2021.09.10"]
[Round "7.15"]
[White "Bugaj, Hanna"]
[Black "Leszner, Liliana"]
[Result "1/2-1/2"]
[WhiteElo "1755"]
[BlackElo "1889"]
[PlyCount "51"]
[EventDate "2021.09.04"]
[EventType "team-swiss"]
[EventRounds "9"]
[EventCountry "POL"]
[SourceTitle "CBM 204 Extra"]
[Source "ChessBase"]
[SourceDate "2021.11.30"]
[SourceVersion "1"]
[SourceVersionDate "2021.11.30"]
[SourceQuality "1"]
[WhiteTeam "Rydultowy Ognisko"]
[BlackTeam "Wolsztyn UKS Szach"]
[WhiteTeamCountry "POL"]
[BlackTeamCountry "POL"]

1. d4 g6 2. Nf3 Bg7 3. g3 d5 4. Bg2 Nf6 5. 0-0 0-0 6. Nbd2 Bf5 7. Nh4 Bd7 8. c3 Qc8 9. Re1 Bh3 10. e4 Bxg2 11. Nxg2 dxe4 12. Nxe4 Nxe4 13. Rxe4 e6 14. Bf4 Nd7 15. Qd2 Nf6 16. Re2 Rd8 17. Be5 c5 18. Rae1 cxd4 19. cxd4 Qd7 20. h4 Nd5 21. Bxg7 Kxg7 22. Qg5 Qe7 23. Qe5+ Qf6 24. Ne3 Nxe3 25. Qxf6+ Kxf6 26. fxe3 1/2-1/2

[Event "POL-chT 2nd League"]
[Site "Jastrzebia Gora"]
[Date "2019.09.15"]
[Round "9.21"]
[White "Leszner, Liliana"]
[Black "Tarnowska, Aleksandra"]
[Result "1-0"]
[WhiteElo "1986"]
[BlackElo "1843"]
[PlyCount "113"]
[EventDate "2019.09.07"]
[EventType "team-swiss"]
[EventRounds "9"]
[EventCountry "POL"]
[SourceTitle "EXT 2020"]
[Source "ChessBase"]
[SourceDate "2019.10.17"]
[SourceVersion "1"]
[SourceVersionDate "2019.10.17"]
[SourceQuality "1"]
[WhiteTeam "Plock Stowarzyszenie"]
[BlackTeam "Lipusz WDA"]
[WhiteTeamCountry "POL"]
[BlackTeamCountry "POL"]

1. f4 d5 2. Nf3 Nf6 3. b3 g6 4. Bb2 Bg7 5. e3 0-0 6. Be2 c5 7. 0-0 Nc6 8. Qc1 a6 9. d4 cxd4 10. exd4 Bf5 11. c4 Rc8 12. c5 Ne4 13. Nbd2 Bg4 14. h3 Ng3 15. Rf2 Bf5 16. a3 Bh6 17. Nh4 Bxf4 18. Nxf5 Nxe2+ 19. Rxe2 gxf5 20. Qf1 Bxd2 21. Rxd2 e6 22. Qf4 Qf6 23. Rf1 Kh8 24. Kh2 Ne7 25. Rdf2 Rg8 26. b4 Rg7 27. Bc1 Ng6 28. Qg5 Qxg5 29. Bxg5 h6 30. Bf6 Kh7 31. Bxg7 Kxg7 32. g4 f4 33. a4 f6 34. Rd1 Rd8 35. b5 e5 36. c6 bxc6 37. bxc6 e4 38. Rb2 Ne7 39. Rb7 Kf7 40. Rdb1 Rc8 41. R1b6 f3 42. Kg3 Ke8 43. c7 f5 44. Rxh6 f4+ 45. Kf2 Kd7 46. Rh7 Kc6 47. Rb2 Kd6 48. Rc2 a5 49. Rc5 Ke6 50. h4 Kf6 51. g5+ Ke6 52. h5 Kd6 53. Rf7 Ke6 54. Rf6+ Kd7 55. Rxf4 Rxc7 56. Rxc7+ Kxc7 57. g6 1-0

[Event "POL-chT 2nd League"]
[Site "Jastrzebia Gora"]
[Date "2019.09.14"]
[Round "8.21"]
[White "Bartczak, Hanna"]
[Black "Leszner, Liliana"]
[Result "1-0"]
[WhiteElo "1487"]
[BlackElo "1986"]
[PlyCount "59"]
[EventDate "2019.09.07"]
[EventType "team-swiss"]
[EventRounds "9"]
[EventCountry "POL"]
[SourceTitle "EXT 2020"]
[Source "ChessBase"]
[SourceDate "2019.10.17"]
[SourceVersion "1"]
[SourceVersionDate "2019.10.17"]
[SourceQuality "1"]
[WhiteTeam "Skoczek Trojanski"]
[BlackTeam "Plock Stowarzyszenie"]
[WhiteTeamCountry "POL"]
[BlackTeamCountry "POL"]

1. d4 Nf6 2. g3 g6 3. Bg2 Bg7 4. e4 d6 5. Nc3 Nc6 6. Nge2 0-0 7. h3 e5 8. Be3 a5 9. 0-0 Rb8 10. a4 Bd7 11. Qd2 exd4 12. Nxd4 Ne5 13. b3 c5 14. Ndb5 Bxh3 15. Qxd6 Bxg2 16. Qxd8 Re8 17. Qxb8 Rxb8 18. Kxg2 b6 19. Rad1 Nc6 20. Bf4 Rc8 21. Bc7 Nb4 22. Bxb6 Nxc2 23. Nd5 Kf8 24. Rc1 Nxd5 25. exd5 Nb4 26. d6 Bf6 27. d7 Rb8 28. Bxc5+ Kg7 29. Bxb4 axb4 30. Rc8 1-0

[Event "POL-chT 2nd League"]
[Site "Jastrzebia Gora"]
[Date "2019.09.13"]
[Round "7.21"]
[White "Leszner, Liliana"]
[Black "Gluszko, Monika"]
[Result "0-1"]
[WhiteElo "1986"]
[BlackElo "1933"]
[PlyCount "64"]
[EventDate "2019.09.07"]
[EventType "team-swiss"]
[EventRounds "9"]
[EventCountry "POL"]
[SourceTitle "EXT 2020"]
[Source "ChessBase"]
[SourceDate "2019.10.17"]
[SourceVersion "1"]
[SourceVersionDate "2019.10.17"]
[SourceQuality "1"]
[WhiteTeam "Plock Stowarzyszenie"]
[BlackTeam "Warszawa Mogalo"]
[WhiteTeamCountry "POL"]
[BlackTeamCountry "POL"]

1. e4 c5 2. b3 Nc6 3. Bb2 e5 4. Bc4 d6 5. Nc3 Nf6 6. h3 Be7 7. Nf3 0-0 8. 0-0 Be6 9. Be2 Nd4 10. Nh2 d5 11. exd5 Nxd5 12. Nxd5 Bxd5 13. Ng4 Bd6 14. c3 Nc6 15. Bb5 f5 16. Ne3 Be6 17. Bxc6 bxc6 18. d4 cxd4 19. cxd4 e4 20. d5 cxd5 21. Nxd5 Kh8 22. Qd4 Qg5 23. f4 exf3 24. Rxf3 f4 25. h4 Qh6 26. Re1 Bg4 27. Rd3 Rac8 28. b4 f3 29. gxf3 Bxf3 30. Re6 Rc1+ 31. Bxc1 Qxe6 32. h5 Qe1# 0-1

[Event "POL-chT 2nd League"]
[Site "Jastrzebia Gora"]
[Date "2019.09.12"]
[Round "6.19"]
[White "Bukowska, Katarzyna"]
[Black "Leszner, Liliana"]
[Result "1-0"]
[WhiteElo "1859"]
[BlackElo "1986"]
[PlyCount "73"]
[EventDate "2019.09.07"]
[EventType "team-swiss"]
[EventRounds "9"]
[EventCountry "POL"]
[SourceTitle "EXT 2020"]
[Source "ChessBase"]
[SourceDate "2019.10.17"]
[SourceVersion "1"]
[SourceVersionDate "2019.10.17"]
[SourceQuality "1"]
[WhiteTeam "Konin Hetman"]
[BlackTeam "Plock Stowarzyszenie"]
[WhiteTeamCountry "POL"]
[BlackTeamCountry "POL"]

1. e4 g6 2. d4 Bg7 3. Nc3 d6 4. f4 Nf6 5. Nf3 c5 6. dxc5 Qa5 7. Bd3 Qxc5 8. Qe2 Nc6 9. Be3 Qa5 10. 0-0 0-0 11. a3 Ng4 12. Bd2 Bd7 13. Nd5 Qd8 14. Bc3 e6 15. Bxg7 Kxg7 16. Nc3 f5 17. h3 Nf6 18. e5 Nh5 19. Qe3 d5 20. Kh2 Rc8 21. Nb5 a6 22. Nd6 Rc7 23. c4 dxc4 24. Bxc4 Na5 25. Ba2 b5 26. Rac1 Nc6 27. Ng5 Qe7 28. Qb6 Rfc8 29. Nxc8 Rxc8 30. Bxe6 h6 31. Bxd7 Qxd7 32. Rfd1 Qe8 33. Qb7+ Kf8 34. Nh7+ Kg8 35. Nf6+ Nxf6 36. exf6 g5 37. Qg7# 1-0

[Event "POL-chT 2nd League"]
[Site "Jastrzebia Gora"]
[Date "2018.09.05"]
[Round "5.106"]
[White "Leszner, Liliana"]
[Black "Liberadzki, Slawomir"]
[Result "1-0"]
[WhiteElo "2017"]
[BlackElo "1955"]
[PlyCount "87"]
[EventDate "2018.09.01"]
[EventType "team-swiss"]
[EventRounds "9"]
[EventCountry "POL"]
[SourceTitle "CBM 186 Extra"]
[Source "ChessBase"]
[SourceDate "2018.08.24"]
[SourceVersion "1"]
[SourceVersionDate "2018.08.24"]
[SourceQuality "1"]
[WhiteTeam "Plock Akademia"]
[BlackTeam "Warszawa Skoczek Trojanski"]
[WhiteTeamCountry "POL"]
[BlackTeamCountry "POL"]

1. e4 c5 2. Nc3 Nc6 3. g3 g6 4. Bg2 Bg7 5. d3 e6 6. Be3 d6 7. Qd2 Rb8 8. Nf3 b5 9. 0-0 b4 10. Nd1 Qb6 11. Nh4 h6 12. f4 Nge7 13. Bh3 f5 14. Qf2 Kf7 15. g4 Nd4 16. gxf5 exf5 17. Bg2 Bf6 18. c3 Nc2 19. Qxc2 Bxh4 20. e5 dxe5 21. cxb4 exf4 22. bxc5 Qa5 23. Bxf4 Rb5 24. Bd2 Qd8 25. Qc4+ Be6 26. Qxb5 Qd4+ 27. Be3 Qg4 28. h3 Qe2 29. Bf3 Bf2+ 30. Rxf2 Qe1+ 31. Kg2 f4 32. Bxf4 Nf5 33. Bg3 Nxg3 34. Kxg3 Qe5+ 35. Kg2 Rf8 36. Bg4+ Kg7 37. Rxf8 Kxf8 38. Bxe6 Qxe6 39. Nf2 Qe5 40. Qc4 Qg5+ 41. Qg4 Qxc5 42. Re1 h5 43. Qxg6 Qd5+ 44. Kg1 1-0

[Event "POL-chT rapid"]
[Site "Zgierz"]
[Date "2018.03.03"]
[Round "4.4"]
[White "Leszner, Liliana"]
[Black "Majdan, Joanna"]
[Result "0-1"]
[WhiteElo "2037"]
[BlackElo "2370"]
[PlyCount "82"]
[EventDate "2018.03.03"]
[EventType "team-swiss (rapid)"]
[EventRounds "9"]
[EventCountry "POL"]
[SourceTitle "CBM 183 Extra"]
[Source "ChessBase"]
[SourceDate "2018.04.19"]
[SourceVersion "1"]
[SourceVersionDate "2018.04.19"]
[SourceQuality "1"]
[WhiteTeam "Plock Stowarzyszenie"]
[BlackTeam "Pegow Wieza"]
[WhiteTeamCountry "POL"]
[BlackTeamCountry "POL"]

1. e4 c5 2. Nc3 Nc6 3. g3 g6 4. Bg2 Bg7 5. d3 Rb8 6. Be3 b5 7. Qd2 d6 8. Nf3 b4 9. Nd1 Nd4 10. 0-0 Bd7 11. Nh4 Nf6 12. c3 bxc3 13. bxc3 Nc6 14. h3 Qc8 15. Kh2 h6 16. d4 cxd4 17. cxd4 Qa6 18. f4 Nxe4 19. Qc2 d5 20. Re1 g5 21. Bxe4 dxe4 22. fxg5 hxg5 23. Bxg5 Qa5 24. Bd2 Nxd4 25. Qxe4 Qxd2+ 26. Kg1 Ne6 27. Nf3 Qh6 28. Ne5 Qxh3 29. Nxd7 Bd4+ 30. Ne3 Qxg3+ 31. Kf1 Rh2 32. Re2 Rxe2 33. Kxe2 Kxd7 34. Rd1 Qh2+ 35. Ke1 Ke8 36. Qf3 Qg1+ 37. Nf1 Rd8 38. Qc6+ Kf8 39. Qf3 Bf2+ 40. Ke2 Rxd1 41. Kxd1 Qxf1+ 0-1

[Event "POL-chT rapid"]
[Site "Zgierz"]
[Date "2018.03.03"]
[Round "6.24"]
[White "Leszner, Liliana"]
[Black "Parol, Pola"]
[Result "1/2-1/2"]
[WhiteElo "2037"]
[BlackElo "1917"]
[PlyCount "124"]
[EventDate "2018.03.03"]
[EventType "team-swiss (rapid)"]
[EventRounds "9"]
[EventCountry "POL"]
[SourceTitle "CBM 183 Extra"]
[Source "ChessBase"]
[SourceDate "2018.04.19"]
[SourceVersion "1"]
[SourceVersionDate "2018.04.19"]
[SourceQuality "1"]
[WhiteTeam "Plock Stowarzyszenie"]
[BlackTeam "Minsk Mazowiecki MTSz"]
[WhiteTeamCountry "POL"]
[BlackTeamCountry "POL"]

1. e4 c6 2. d4 d5 3. Nc3 dxe4 4. Nxe4 Nf6 5. Nxf6+ exf6 6. c3 Bd6 7. Bd3 0-0 8. Qc2 h6 9. Ne2 Qc7 10. g3 Re8 11. 0-0 c5 12. dxc5 Bxc5 13. Bf4 Qb6 14. b4 Bf8 15. Nd4 Nc6 16. Nxc6 bxc6 17. Rfe1 Bb7 18. Bh7+ Kh8 19. Be4 Rxe4 20. Rxe4 c5 21. Rae1 f5 22. R4e3 Qc6 23. f3 cxb4 24. Kg2 Bc5 25. cxb4 Bxe3 26. Qxc6 Bxc6 27. Rxe3 a5 28. Rc3 Ba4 29. a3 axb4 30. axb4 Bb5 31. g4 Ra2+ 32. Kg1 fxg4 33. fxg4 Rb2 34. Bd6 Kh7 35. Rc7 Kg6 36. h4 h5 37. gxh5+ Kxh5 38. Rc5+ Kxh4 39. Rxb5 g6 40. Be7+ Kg4 41. Rd5 Kf3 42. Rd3+ Ke4 43. Rg3 Kd5 44. Kf1 Ke6 45. Bc5 Kf5 46. Rf3+ Ke6 47. Rf6+ Kxf6 48. Bd4+ Ke6 49. Bxb2 Kd5 50. Bf6 Kc4 51. Be7 g5 52. Ke2 f6 53. Ke3 f5 54. Bc5 g4 55. Kf4 Kb5 56. Bf8 Kc4 57. Be7 Kb5 58. Bc5 Kc4 59. Kxf5 g3 60. Ke6 g2 61. Kd6 g1Q 62. Bxg1 Kxb4 1/2-1/2

[Event "POL-chT 2nd League"]
[Site "Jastrzebia Gora"]
[Date "2015.09.13"]
[Round "9.6"]
[White "Kulon, Klaudia"]
[Black "Leszner, Liliana"]
[Result "1-0"]
[WhiteElo "2250"]
[BlackElo "2027"]
[PlyCount "38"]
[EventDate "2015.09.05"]
[EventType "team-swiss"]
[EventRounds "9"]
[EventCountry "POL"]
[SourceTitle "EXT 2017"]
[Source "ChessBase"]
[SourceDate "2016.10.25"]
[SourceVersion "1"]
[SourceVersionDate "2016.10.25"]
[SourceQuality "1"]
[WhiteTeam "Kopernik WKS"]
[BlackTeam "Gostynin Gostmat 83"]
[WhiteTeamCountry "POL"]
[BlackTeamCountry "POL"]

1. c4 c5 2. g3 Nc6 3. Bg2 g6 4. Nc3 Bg7 5. e3 d6 6. Nge2 Rb8 7. 0-0 Bg4 8. h3 Bd7 9. d4 Qc8 10. Kh2 cxd4 11. exd4 Nh6 12. d5 Ne5 13. b3 f5 14. Be3 a6 15. Qd2 Ng8 16. Rac1 h5 17. Ba7 Ra8 18. Bd4 Nf6 19. Nf4 h4 1-0

[Event "POL-chT 2nd League"]
[Site "Jastrzebia Gora"]
[Date "2015.09.12"]
[Round "8.18"]
[White "Weglarz, Joanna"]
[Black "Leszner, Liliana"]
[Result "0-1"]
[WhiteElo "2004"]
[BlackElo "2027"]
[PlyCount "88"]
[EventDate "2015.09.05"]
[EventType "team-swiss"]
[EventRounds "9"]
[EventCountry "POL"]
[SourceTitle "EXT 2017"]
[Source "ChessBase"]
[SourceDate "2016.10.25"]
[SourceVersion "1"]
[SourceVersionDate "2016.10.25"]
[SourceQuality "1"]
[WhiteTeam "Znin Baszta II"]
[BlackTeam "Gostynin Gostmat 83"]
[WhiteTeamCountry "POL"]
[BlackTeamCountry "POL"]

1. d4 Nf6 2. Nc3 g6 3. e4 d6 4. Be3 c6 5. Qd2 Qa5 6. Bd3 Ng4 7. Nf3 Bg7 8. Nd1 Qb6 9. c3 Nd7 10. h3 Nxe3 11. Nxe3 c5 12. Nd5 Qd8 13. 0-0 e6 14. Ne3 0-0 15. Rfd1 Qe7 16. Bc2 b6 17. dxc5 dxc5 18. Ba4 Ne5 19. Nxe5 Bxe5 20. Ng4 Bg7 21. Qd6 Qxd6 22. Rxd6 h5 23. Ne3 Be5 24. Rd3 Ba6 25. Rd7 b5 26. Bc2 b4 27. cxb4 cxb4 28. Rb1 Rfd8 29. Rxd8+ Rxd8 30. Rd1 Rc8 31. a3 bxa3 32. bxa3 Bf4 33. Bd3 Bxd3 34. Rxd3 Rc1+ 35. Nd1 Ra1 36. g3 Bc1 37. Kg2 Rxa3 38. Rd7 a5 39. Rc7 Bd2 40. Nb2 Ra2 41. Nd3 Be3 42. Kf3 Bd4 43. Rd7 e5 44. Re7 Rd2 0-1

[Event "POL-chT 2nd League"]
[Site "Jastrzebia Gora"]
[Date "2015.09.09"]
[Round "5.30"]
[White "Leszner, Liliana"]
[Black "Bednarska, Malgorzata"]
[Result "1/2-1/2"]
[WhiteElo "2027"]
[BlackElo "2052"]
[PlyCount "103"]
[EventDate "2015.09.05"]
[EventType "team-swiss"]
[EventRounds "9"]
[EventCountry "POL"]
[SourceTitle "EXT 2017"]
[Source "ChessBase"]
[SourceDate "2016.10.25"]
[SourceVersion "1"]
[SourceVersionDate "2016.10.25"]
[SourceQuality "1"]
[WhiteTeam "Gostynin Gostmat 83"]
[BlackTeam "Warszawa YMCA"]
[WhiteTeamCountry "POL"]
[BlackTeamCountry "POL"]

1. e4 c5 2. g3 d5 3. Bg2 dxe4 4. Bxe4 Nf6 5. Bg2 Bg4 6. Nf3 Nc6 7. h3 Bh5 8. g4 Bg6 9. d3 e6 10. Nc3 c4 11. dxc4 Nb4 12. Qxd8+ Rxd8 13. 0-0 Nxc2 14. Rb1 Nb4 15. Ra1 Bd6 16. Bg5 Bd3 17. Rfc1 h6 18. Bxf6 gxf6 19. Nb5 Bf4 20. Rc3 Nc6 21. Ne1 Bg6 22. Bxc6+ bxc6 23. Nxa7 Rd2 24. Rb3 Kd7 25. Nf3 Rc2 26. Rb7+ Kd6 27. b4 Bc1 28. c5+ Kd5 29. Rd7+ Ke4 30. Kg2 Be3 31. Rf1 h5 32. Nh2 f5 33. Rdd1 Kf4 34. Rd3 Bc1 35. Rd4+ Kg5 36. Nxc6 fxg4 37. hxg4 Bf4 38. Nf3+ Kxg4 39. a4 h4 40. Ne1 h3+ 41. Kh1 Rc3 42. Ne5+ Kf5 43. Nxg6 fxg6 44. Nd3 e5 45. Rd7 Ke4 46. Nxf4 exf4 47. Rg7 Rb8 48. b5 Rxc5 49. Rxg6 Ra8 50. Ra1 Rxb5 51. Re1+ Kf5 52. axb5 1/2-1/2

[Event "POL-chT 2nd League"]
[Site "Jastrzebia Gora"]
[Date "2015.09.06"]
[Round "2.12"]
[White "Antolak, Julia"]
[Black "Leszner, Liliana"]
[Result "1-0"]
[WhiteElo "1945"]
[BlackElo "2027"]
[PlyCount "71"]
[EventDate "2015.09.05"]
[EventType "team-swiss"]
[EventRounds "9"]
[EventCountry "POL"]
[SourceTitle "EXT 2017"]
[Source "ChessBase"]
[SourceDate "2016.10.25"]
[SourceVersion "1"]
[SourceVersionDate "2016.10.25"]
[SourceQuality "1"]
[WhiteTeam "Lodz Okucia Budowlane"]
[BlackTeam "Gostynin Gostmat 83"]
[WhiteTeamCountry "POL"]
[BlackTeamCountry "POL"]

1. e4 d6 2. d4 g6 3. Nc3 Bg7 4. Bg5 a6 5. f4 Nc6 6. d5 Nd4 7. Qd2 c5 8. Nd1 Nf6 9. Bxf6 Bxf6 10. c3 Nb5 11. Nf3 Bg4 12. Be2 0-0 13. Ne3 Bd7 14. h4 h5 15. Ng5 e5 16. Nc4 Qe7 17. f5 gxf5 18. Bxh5 f4 19. 0-0-0 Kg7 20. Nb6 Rad8 21. Nxd7 Qxd7 22. g3 Bxg5 23. hxg5 Qe7 24. gxf4 exf4 25. Qxf4 Qe5 26. Rdf1 Qxf4+ 27. Rxf4 Rde8 28. Rhf1 Re7 29. Rf6 Rxe4 30. Rxf7+ Rxf7 31. Rxf7+ Kg8 32. Rxb7 Rf4 33. Be2 Kf8 34. g6 c4 35. a4 Re4 36. axb5 1-0

[Event "POL-chT 2nd League"]
[Site "Szczyrk"]
[Date "2014.09.14"]
[Round "9.24"]
[White "Leszner, Liliana"]
[Black "Miturova, Magdalena"]
[Result "0-1"]
[WhiteElo "2025"]
[BlackElo "2077"]
[PlyCount "44"]
[EventDate "2014.09.06"]
[EventType "team-swiss"]
[EventRounds "9"]
[EventCountry "POL"]
[SourceTitle "EXT 2015"]
[Source "ChessBase"]
[SourceDate "2014.11.20"]
[SourceVersion "1"]
[SourceVersionDate "2014.11.20"]
[SourceQuality "1"]
[WhiteTeam "Gostynin Gostmat 83"]
[BlackTeam "Bydgoszcz Chemik"]
[WhiteTeamCountry "POL"]
[BlackTeamCountry "POL"]

1. e4 e5 2. Bc4 Nf6 3. d3 Nc6 4. Nf3 Bc5 5. c3 0-0 6. 0-0 d5 7. exd5 Nxd5 8. b4 Be7 9. b5 Na5 10. Nxe5 Nxc4 11. Nxc4 a6 12. bxa6 Rxa6 13. a4 Re8 14. Qb3 Rg6 15. Ne5 Rb6 16. Qc2 Bf6 17. Nc4 Rc6 18. Qb3 Nxc3 19. Nxc3 Qxd3 20. Ra3 Rxc4 21. Bb2 Rg4 22. Nd5 Rxg2+ 0-1

[Event "POL-chT 2nd League"]
[Site "Szczyrk"]
[Date "2014.09.11"]
[Round "6.6"]
[White "Leszner, Liliana"]
[Black "Starczewska, Dominika"]
[Result "1-0"]
[WhiteElo "2025"]
[BlackElo "2008"]
[PlyCount "151"]
[EventDate "2014.09.06"]
[EventType "team-swiss"]
[EventRounds "9"]
[EventCountry "POL"]
[SourceTitle "EXT 2015"]
[Source "ChessBase"]
[SourceDate "2014.11.20"]
[SourceVersion "1"]
[SourceVersionDate "2014.11.20"]
[SourceQuality "1"]
[WhiteTeam "Gostynin Gostmat 83"]
[BlackTeam "Pegow Wieza"]
[WhiteTeamCountry "POL"]
[BlackTeamCountry "POL"]

1. e4 c5 2. Nc3 e6 3. Nf3 Nc6 4. g3 d5 5. d3 dxe4 6. Nxe4 Nf6 7. Bf4 Nd5 8. Bg5 f6 9. Bd2 Be7 10. Bg2 e5 11. 0-0 0-0 12. h3 Be6 13. a3 Qd7 14. Kh2 Rad8 15. c4 Nc7 16. Be3 b6 17. Ne1 Bxc4 18. Nc3 Ba6 19. Qa4 Nd4 20. Qd1 Kh8 21. g4 Nde6 22. Be4 g6 23. Qf3 Nd4 24. Qg3 Bd6 25. Bh6 Rf7 26. Qh4 f5 27. gxf5 Nxf5 28. Bxf5 Rxf5 29. Ne4 Be7 30. Qg3 Ne6 31. Rd1 Nf4 32. Nf3 Rh5 33. Bxf4 exf4 34. Qg2 Bc8 35. Ng1 Bd6 36. Qf3 Be5 37. Rd2 Rf8 38. Re1 Bd4 39. Kg2 Re5 40. Ne2 Bb7 41. Kh2 Qf5 42. Nxd4 cxd4 43. Rc2 Bxe4 44. dxe4 Qd7 45. Rd1 g5 46. Rc4 g4 47. hxg4 Qe7 48. Rcxd4 Qh4+ 49. Kg2 Rg5 50. Rh1 Rxg4+ 51. Kf1 Qf6 52. Rd7 Rg7 53. Rxg7 Qxg7 54. Qh5 f3 55. Qh6 Qe7 56. Rh3 Qf7 57. e5 Qc4+ 58. Kg1 Rg8+ 59. Rg3 Rxg3+ 60. fxg3 Qd4+ 61. Kh2 Qf2+ 62. Kh3 Qc5 63. Qf6+ Kg8 64. Qg5+ Kf8 65. Qf6+ Kg8 66. g4 f2 67. Kg2 a6 68. e6 Qd5+ 69. Kxf2 Qc5+ 70. Kg3 Qe3+ 71. Kh4 Qe1+ 72. Kg5 Qe3+ 73. Kh5 Qh3+ 74. Qh4 Qd3 75. Qg5+ Kf8 76. Qf6+ 1-0

[Event "POL-chT2"]
[Site "Poronin"]
[Date "2013.09.12"]
[Round "6.18"]
[White "Golek, Jagoda"]
[Black "Leszner, Liliana"]
[Result "1/2-1/2"]
[WhiteElo "2054"]
[BlackElo "2039"]
[PlyCount "84"]
[EventDate "2013.09.06"]
[EventType "team-swiss"]
[EventRounds "9"]
[EventCountry "POL"]
[SourceTitle "EXT 2015"]
[Source "ChessBase"]
[SourceDate "2014.11.20"]
[SourceVersion "1"]
[SourceVersionDate "2014.11.20"]
[SourceQuality "1"]
[WhiteTeam "Gniezno LKS Chrobry"]
[BlackTeam "Gostynin Gostmat 83"]
[WhiteTeamCountry "POL"]
[BlackTeamCountry "POL"]

1. e4 d6 2. d4 g6 3. Nc3 Bg7 4. g3 c6 5. Bg2 Nd7 6. Nge2 e5 7. Be3 Ngf6 8. h3 0-0 9. 0-0 Qe7 10. Qd2 exd4 11. Bxd4 c5 12. Be3 Ne5 13. b3 Bxh3 14. f3 Bxg2 15. Kxg2 Rfe8 16. Rad1 Rad8 17. Bg5 Qf8 18. Nd5 Ned7 19. Nc7 Re7 20. Qxd6 Rc8 21. Nd5 Re6 22. Qxf8+ Kxf8 23. c4 h6 24. Be3 g5 25. g4 Ra6 26. Ndc3 Ke7 27. Rd2 Re6 28. Rfd1 Nf8 29. Ng3 Ng6 30. Nf5+ Kf8 31. Nd5 Nd7 32. Rc2 Nde5 33. Nc3 b6 34. Nb5 a6 35. Nbd6 Rd8 36. Rcd2 Nc6 37. Nxg7 Nh4+ 38. Kf2 Kxg7 39. Nf5+ Nxf5 40. Rxd8 Nxe3 41. Kxe3 Nxd8 42. Rxd8 Kf6 1/2-1/2